Southville International School and Colleges
Your cart is empty.
  • Cart
  • Lists
    Public lists Eva Luna New books Lux_list list_1
    Your lists Log in to create your own lists
  • Log in to your account
  • Your cookies
  • Search history
Southville International School and Colleges
  • Advanced search
  • Recent comments
  • Most popular
  • Libraries

Log in to your account

Log in with GOOGLE


If you do not have an external account, but do have a local account, you can still log in:

  1. Home
  2. MARC view: Unbelievably creative me (The) :
Normal view MARC view ISBD view

Unbelievably creative me (The) : (Record no. 112970)

[ view plain ]
MARC details
000 -LEADER
fixed length control field 00559nam a2200181 a 4500
001 - CONTROL NUMBER
control field 0319
005 - DATE AND TIME OF LATEST TRANSACTION
control field 20140414131957.0
008 - FIXED-LENGTH DATA ELEMENTS--GENERAL INFORMATION
fixed length control field 040909s19uu xx 00 eng d
020 ## - INTERNATIONAL STANDARD BOOK NUMBER
International Standard Book Number 0-439-16133-9
050 ## - LIBRARY OF CONGRESS CALL NUMBER
Classification number TR 745.594
Item number Un1 2000
100 ## - MAIN ENTRY--PERSONAL NAME
Personal name Dickerson, Karle
245 ## - TITLE STATEMENT
Title Unbelievably creative me (The) :
Statement of responsibility, etc By Karle Dickerson and Connie Berg.
Remainder of title a workbook /
260 ## - PUBLICATION, DISTRIBUTION, ETC. (IMPRINT)
Place of publication, distribution, etc New York :
Name of publisher, distributor, etc Sholastic,
Date of publication, distribution, etc 2000.
300 ## - PHYSICAL DESCRIPTION
Extent 42 p. : ill. ; cm.
650 ## - SUBJECT ADDED ENTRY--TOPICAL TERM
Topical term or geographic name as entry element Decorative objects
General subdivision Juvenile literature.
650 ## - SUBJECT ADDED ENTRY--TOPICAL TERM
Topical term or geographic name as entry element Arts
General subdivision Juvenile literature.
Holdings
Withdrawn status Lost status Damaged status Use restrictions Home library Current library Shelving location Date acquired Source of acquisition Total Checkouts Full call number Barcode Date last seen Price effective from Koha item type
        Munich Library Munich Library Teachers Reference Section 09/09/2004     TR 745.594 Un1 2000 M4397 04/14/2014 04/14/2014 Books

Unbelievably creative me (The) :

APA

Dickerson K., . (2000). Unbelievably creative me (The). New York: Sholastic.

Chicago

Dickerson Karle, . 2000. Unbelievably creative me (The). New York: Sholastic.

Harvard

Dickerson K., . (2000). Unbelievably creative me (The). New York: Sholastic.

MLA

Dickerson Karle, . Unbelievably creative me (The). New York: Sholastic. 2000.

  • Place hold
  • Print
  • Cite
  • Add to your cart (remove)
  • Save record
    BIBTEX Dublin Core MARCXML MARC (non-Unicode/MARC-8) MARC (Unicode/UTF-8) MARC (Unicode/UTF-8, Standard) MODS (XML) RIS
  • More searches
    Search for this title in:
    Other Libraries (WorldCat) Other Databases (Google Scholar) Online Stores (Bookfinder.com) Open Library (openlibrary.org)

Exporting to Dublin Core...

SOUTHVILLE LIBRARY

Southville International School and Colleges Library

1281 Tropical Ave. Cor. Luxembourg St., BF Homes International, Las Pinas City

Tel. No. 8256374 / 252358 Loc. 117/146

Powered by Koha